| 000 | 00888nam a22002897a 4500 | ||
|---|---|---|---|
| 001 | 5199 | ||
| 003 | FISKH | ||
| 005 | 20250806132811.0 | ||
| 008 | 241119b cb ||||| |||| 00| 0 eng d | ||
| 020 | _a9781577688150 | ||
| 040 |
_aFISKH _beng _cFISKH _dFISKH |
||
| 050 | _aPZ7.M462 | ||
| 082 | _a357 | ||
| 100 |
_aMayer, Mercer _d(1943-) |
||
| 245 |
_aOur friend Sam / _cby Mercer Mayer |
||
| 250 | _a2002 | ||
| 260 |
_aOhio : _bColumbus, _c2002. |
||
| 300 |
_a24 pages : _bcolor illustrations ; _c23 cm |
||
| 505 | _aJ | ||
| 520 | _aLittle Critter and Gabby find a caterpillar in the yard, and they take care of it until it turns into a beautiful butterfly and flies away. Includes activities. | ||
| 521 | 8 |
_a430L
_bLexile |
|
| 521 | 8 |
_aJ
_bRaz-Plus |
|
| 650 |
_2Fiction _aFriendship |
||
| 651 |
_2Little Critter _aPicture book |
||
| 942 |
_2ddc _cBK _n0 |
||
| 999 |
_c5199 _d5199 |
||